[Event "Hannover Region-ch U10"]
[Site "Lehrte"]
[Date "2019.10.06"]
[Round "10.4"]
[White "Sewerinow, Alexander"]
[Black "Kiefer, Eric"]
[Result "1/2-1/2"]
[WhiteElo "993"]
[BlackElo "883"]
[PlyCount "54"]
[EventDate "2019.10.03"]
[EventType "swiss"]
[EventRounds "11"]
[EventCountry "GER"]
[SourceTitle "EXT 2024"]
[Source "ChessBase"]
[SourceDate "2023.10.10"]
[SourceVersion "1"]
[SourceVersionDate "2023.10.10"]
[SourceQuality "1"]

1. e4 e5 2. Nf3 Nc6 3. Bc4 Nf6 4. Ng5 Bc5 5. Nxf7 Qe7 6. Nxh8 d6 7. 0-0 Bg4 8. Qe1 0-0-0 9. d3 Rxh8 10. Nc3 Nd4 11. Bb3 Be6 12. Bxe6+ Qxe6 13. Qd2 d5 14. b3 Kb8 15. Bb2 Nc6 16. Rfe1 d4 17. Ne2 Rd8 18. a3 Be7 19. f3 Nd7 20. b4 h6 21. c3 Bh4 22. Rf1 a5 23. bxa5 Nxa5 24. cxd4 Nb3 25. d5 Nxd2 26. dxe6 Nxf1 27. Kxf1 Nc5 1/2-1/2

[Event "Hannover Region-ch U10"]
[Site "Lehrte"]
[Date "2019.10.03"]
[Round "2.2"]
[White "Sewerinow, Alexander"]
[Black "Kosmehl, Friedrich"]
[Result "1-0"]
[WhiteElo "993"]
[BlackElo "908"]
[PlyCount "99"]
[EventDate "2019.10.03"]
[EventType "swiss"]
[EventRounds "11"]
[EventCountry "GER"]
[SourceTitle "EXT 2024"]
[Source "ChessBase"]
[SourceDate "2023.10.10"]
[SourceVersion "1"]
[SourceVersionDate "2023.10.10"]
[SourceQuality "1"]

1. e4 c6 2. d4 d5 3. Nc3 Nf6 4. e5 Ne4 5. Nxe4 dxe4 6. Bf4 Bf5 7. Bc4 e6 8. Ne2 Bb4+ 9. c3 Be7 10. 0-0 0-0 11. Ng3 c5 12. f3 cxd4 13. fxe4 Bxe4 14. Nxe4 dxc3 15. Qxd8 Rxd8 16. Nxc3 Rd4 17. Bb3 Bc5 18. Be3 Rd2 19. Bxc5 Rxb2 20. Nb5 Nc6 21. Nd6 Nxe5 22. Nxb7 Nd3 23. Bd4 Rb8 24. Bxb2 Nxb2 25. Rac1 Nd3 26. Rc3 Nb4 27. Nd6 h6 28. Rc8+ Rxc8 29. Nxc8 Nd3 30. Bc2 Nb4 31. Bb1 Nd5 32. Rc1 Nf4 33. Rc6 Ne2+ 34. Kf2 Nd4 35. Rd6 Nf5 36. Bxf5 exf5 37. Nxa7 Kh7 38. Nc6 f4 39. a4 f3 40. Kxf3 f6 41. a5 Kg6 42. a6 Kg5 43. a7 h5 44. a8Q Kh4 45. Qa4+ Kg5 46. Qf4+ Kg6 47. Ne7+ Kh7 48. Qg3 h4 49. Qg6+ Kh8 50. Rd8# 1-0